[Event "Wch U14"]
[Site "Florianopolis"]
[Date "2024.11.01"]
[Round "4"]
[White "Deysel, Kaleb"]
[Black "Lerma Castillo, Juan"]
[Result "1/2-1/2"]
[WhiteElo "1667"]
[BlackElo "1818"]
[PlyCount "81"]
[EventDate "2024.10.29"]
[EventType "swiss"]
[EventRounds "11"]
[EventCountry "BRA"]
[SourceTitle "CB45_2024"]
[Source "ChessBase"]
[SourceDate "2024.11.06"]
[SourceVersion "1"]
[SourceVersionDate "2024.11.06"]
[SourceQuality "1"]

1. d4 Nf6 2. c4 b6 3. Nc3 Bb7 4. Nf3 e6 5. Qc2 c5 6. Bf4 Bxf3 7. gxf3 cxd4 8. Nb5 d6 9. Bg5 Be7 10. Bxf6 Bxf6 11. Qe4 Na6 12. Qb7 Nb4 13. Nxd6+ Qxd6 14. Qxa8+ Ke7 15. Qxa7+ Qd7 16. Qxd7+ Kxd7 17. Kd1 Rc8 18. a3 Na6 19. Rc1 Nc5 20. Kc2 Bh4 21. e3 Bxf2 22. exd4 Bxd4 23. Rd1 e5 24. b4 Ne6 25. Kb3 Rc7 26. Bh3 Ke7 27. Rhe1 Rc6 28. Bxe6 Rxe6 29. Rxd4 exd4 30. Rxe6+ fxe6 31. Kc2 g5 32. Kd3 e5 33. a4 Kd6 34. h3 Kc6 35. Ke4 Kb7 36. Kd3 Kc6 37. Ke4 Kc7 38. Kd3 Kd6 39. Ke4 h5 40. Kd3 Ke6 41. Ke4 1/2-1/2

[Event "Wch U14"]
[Site "Florianopolis"]
[Date "2024.10.29"]
[Round "1"]
[White "Lerma Castillo, Juan"]
[Black "Cieslak, Patryk"]
[Result "0-1"]
[WhiteElo "1818"]
[BlackElo "2369"]
[PlyCount "120"]
[EventDate "2024.10.29"]
[EventType "swiss"]
[EventRounds "11"]
[EventCountry "BRA"]
[SourceTitle "CB45_2024"]
[Source "ChessBase"]
[SourceDate "2024.11.06"]
[SourceVersion "1"]
[SourceVersionDate "2024.11.06"]
[SourceQuality "1"]

1. e4 c5 2. Nf3 e6 3. Nc3 Nc6 4. g3 d5 5. exd5 exd5 6. d4 Bg4 7. Be2 Nf6 8. Bg5 Be7 9. dxc5 0-0 10. 0-0 Re8 11. Re1 Bxc5 12. Bxf6 Qxf6 13. Qxd5 Bb4 14. Kg2 Bxc3 15. bxc3 Qxc3 16. Qb3 Qf6 17. h3 Be6 18. Qb5 a6 19. Qg5 Qc3 20. Qd2 Qxd2 21. Nxd2 Nb4 22. Bd3 Red8 23. Ne4 Bxa2 24. Nc5 Bd5+ 25. Kh2 Rac8 26. Na4 Rxc2 27. Bxc2 Nxc2 28. Red1 Nxa1 29. Nb6 Nc2 30. Nxd5 Kf8 31. Rc1 Rxd5 32. Rxc2 Ke7 33. Kg2 Kd7 34. Kf3 Rd6 35. Ke4 b5 36. h4 Rc6 37. Ra2 Kc7 38. Kd5 Rd6+ 39. Kc5 Rc6+ 40. Kd5 Kb6 41. Re2 Rc5+ 42. Kd6 Rc6+ 43. Kd7 Re6 44. Rc2 a5 45. f4 a4 46. f5 Rf6 47. g4 a3 48. Ke7 h5 49. gxh5 Rxf5 50. Kf8 Rxh5 51. Kxg7 Rxh4 52. Kxf7 Ra4 53. Rc1 a2 54. Ra1 b4 55. Ke6 b3 56. Kd5 b2 57. Rh1 b1Q 58. Rh6+ Kb5 59. Rh5 Qd1+ 60. Ke6+ Qxh5 0-1